书目信息 |
| 题名: |
洋务运动
|
|
| 作者: | ;《中国近代史丛书》编写组 编 | |
| 分册: | ||
| 出版信息: | 上海 上海人民出版社 1973 |
|
| 页数: | 90页 | |
| 开本: | 20cm | |
| 丛书名: | 中国近代史丛书 | |
| 单 册: | ||
| 中图分类: | K256.1 | |
| 科图分类: | ||
| 主题词: | 中国--历史--1840~1949 | |
| 电子资源: | ||
| ISBN: | ||
| 000 | 00725nam0 2200229 450 | |
| 001 | 0632610390 | |
| 005 | 20070728114123.71 | |
| 010 | @dCNY0.18 | |
| 100 | @a20060731d1973 km y0chiy0120 ea | |
| 101 | 0 | @achi |
| 102 | @aCN@b310000 | |
| 102 | @aCN@b310000 | |
| 200 | 1 | @a洋务运动@Ayang wu yun dong@f《中国近代史丛书》编写组编@F《zhong guo jin dai shi cong shu》bian xie zu bian |
| 210 | @a上海@c上海人民出版社@d1973 | |
| 215 | @a90页@d20cm | |
| 225 | 2 | @a中国近代史丛书 |
| 410 | 0 | @12001 @a中国近代史丛书 |
| 606 | 0 | @a中国@x历史@z1840~1949 |
| 690 | @aK256.1@v3 | |
| 711 | 0 | @a《中国近代史丛书》编写组@A《zhong guo jin dai shi cong shu》bian xie zu@4编 |
| 801 | 0 | @aCN@bPFT@c20070728 |
| 905 | @a10447@dK256.1@e35 | |
| 洋务运动/《中国近代史丛书》编写组编.-上海:上海人民出版社,1973 |
| 90页;20cm.-(中国近代史丛书) |
| ISBN :CNY0.18 |
| ● |
| 相关链接 |
|
|
|
|
正题名:洋务运动
索取号:K256.1/35
 
预约/预借
| 序号 | 登录号 | 条形码 | 馆藏地/架位号 | 状态 | 备注 |
| 1 | 0443835 | 204438359 | 密集书库/ [索取号:K256.1/35] | 在馆 | |
| 2 | 0786720 | 207867209 | 密集书库/ [索取号:K256.1/35] | 在馆 |